000 00395nam a2200157Ia 4500
008 230917s9999||||xx |||||||||||||| ||und||
020 _cPON3.75
040 _e25442
_aMAIN
041 _aEnglish
082 _a301.045 G328F
100 _aGerth, H H
245 0 _aFrom Max Weber: Essays in sociology
260 _aLondon
_bRoutledge & Kegan Paul
_c1977
300 _avii, 490 p.
942 _cBK
999 _c191428
_d191428